000 00853cam a22002531a 4500
001 18282
003 BD-RjUL
005 20211209000249.0
008 140220r19511934enka 000 0 eng
035 _a(BD-RjUL)18340
035 _a(OCoLC)350685
040 _aDLC
_cODaWU
_dOCoLC
_dCSdP
_dOCoLC
_dDLC
_dBD-RjUL
_beng
041 _aeng
082 _a822.33
_bFIV 1951
245 0 0 _aFive Elizabethan comedies /
_cedited with and introduction by A.K. McIlwraith.
260 _aLondon :
_bOxford University Press ; H. Milford,
_c[Reprinted 1951].
300 _axx, 308 p. :
_bill. ;
_c16 cm.
650 0 _aEnglish drama
_yEarly modern and Elizabethan, 1500-1600.
_92066
700 1 _aMcIlwraith, A. K.
_q(Archibald Kennedy)
_eed.
_956282
942 _2ddc
_cBK
999 _c18282
_d18282